Personal injury and clinical negligence litigation 2011 / (Record no. 5169)
[ view plain ]
| 000 -LEADER | |
|---|---|
| fixed length control field | 01230nam a22002297a 4500 |
| 008 - FIXED-LENGTH DATA ELEMENTS--GENERAL INFORMATION | |
| fixed length control field | 120912t xxu||||| |||| 00| 0 eng d |
| 020 ## - INTERNATIONAL STANDARD BOOK NUMBER | |
| International Standard Book Number | 9-7819-0762-4278 |
| 082 ## - DEWEY DECIMAL CLASSIFICATION NUMBER | |
| Edition number | 18 ed. |
| Classification number | 346.032 |
| Item number | MAR |
| 100 ## - MAIN ENTRY--PERSONAL NAME | |
| Personal name | Mardell, Julie |
| 9 (RLIN) | 6615 |
| 245 ## - TITLE STATEMENT | |
| Title | Personal injury and clinical negligence litigation 2011 / |
| Statement of responsibility, etc | Julie Mardell and Kate Serfozo |
| 260 ## - PUBLICATION, DISTRIBUTION, ETC. (IMPRINT) | |
| Place of publication, distribution, etc | Guildford : |
| Name of publisher, distributor, etc | College of law publishing |
| Date of publication, distribution, etc | 2011 |
| 300 ## - PHYSICAL DESCRIPTION | |
| Extent | xxviii. ; 415 p. : |
| Dimensions | 30 cm. |
| 500 ## - GENERAL NOTE | |
| General note | Includes Index |
| 650 ## - SUBJECT ADDED ENTRY--TOPICAL TERM | |
| Source of heading or term | Personal injuries -- Great Britain -- Periodicals |
| 650 ## - SUBJECT ADDED ENTRY--TOPICAL TERM | |
| Source of heading or term | Medical personnel -- Malpractice -- Great Britain -- Periodicals |
| 650 ## - SUBJECT ADDED ENTRY--TOPICAL TERM | |
| Source of heading or term | Personal injury and clinical negligence litigation |
| 700 ## - ADDED ENTRY--PERSONAL NAME | |
| Personal name | Kate Serfozo |
| 9 (RLIN) | 6616 |
| 942 ## - ADDED ENTRY ELEMENTS (KOHA) | |
| Source of classification or shelving scheme | Dewey Decimal Classification |
| Item type | Books |
| Withdrawn status | Lost status | Source of classification or shelving scheme | Damaged status | Not for loan | Home library | Current library | Shelving location | Date acquired | Total Checkouts | Full call number | Barcode | Date last seen | Copy number | Price effective from | Koha item type | Public note |
|---|---|---|---|---|---|---|---|---|---|---|---|---|---|---|---|---|
| Dewey Decimal Classification | Law Development Centre Main Library | Law Development Centre Main Library | Text Books and Laws | 09/12/2012 | 346.032 MAR | 3817/2012 | 09/12/2012 | 1 | 09/12/2012 | Books | Reference book | |||||
| Dewey Decimal Classification | Law Development Centre Main Library | Law Development Centre Main Library | Text Books and Laws | 09/14/2012 | 346.032 MAR | 3911/2012 | 09/14/2012 | 2 | 09/14/2012 | Books | Reference book | |||||
| Dewey Decimal Classification | Law Development Centre Main Library | Law Development Centre Main Library | Text Books and Laws | 09/14/2012 | 346.032 MAR | 3912/2012 | 09/14/2012 | 3 | 09/14/2012 | Books | Reference book |
